Understandable statistics (Record no. 6767)
[ view plain ]
| 000 -LEADER | |
|---|---|
| fixed length control field | 01036nam a2200181 4500 |
| 020 ## - INTERNATIONAL STANDARD BOOK NUMBER | |
| ISBN | 9780618949922 |
| 050 ## - CALL NUMBER | |
| Classification number | QA276 |
| Item number | .B6846 |
| 100 ## - AUTHOR | |
| Personal name | Brase, Charles Henry |
| 245 ## - TITLE | |
| Title | Understandable statistics |
| Remainder of title | concepts and methods |
| Statement of responsibility, etc | Charles Henry Brase & Corrinne Pellillo Brase |
| 250 ## - EDITION | |
| Edition statement | 9th ed. |
| 260 ## - PUBLICATION INFORMATION | |
| Place of publication | Boston |
| Name of publisher | Houghton Mifflin Company |
| Year of publication | 2009 |
| 300 ## - DESCRIPTION | |
| Number of Pages | xi, various pagings : |
| Other physical details | ill., |
| Dimensions | 28cm |
| 505 ## - FORMATTED CONTENTS NOTE | |
| Table of Content | Chapter 1. Getting started --<br/>Chapter 2. Organizing data --<br/>Chapter 3.Averages and variation --<br/>Chapter 4.Elementary probability theory --<br/>Chapter 5. The Binomial probability distribution and related topics --<br/>Chapter 6. Normal distributions --<br/>Chapter 7. Introduction to sampling distributions --<br/>Chapter 8. Estimation --<br/>Chapter 9. Hypothesis testing --<br/>Chapter 10. Correlation and regression --<br/>Chapter 11. Chi-square and F distributions --<br/>Chapter 12. Nonparametric statistics. |
| 650 ## - SUBJECTS | |
| Topical Term | Mathematical statistics |
| 650 ## - SUBJECTS | |
| Topical Term | Statisics |
| 700 ## - OTHER AUTHORS | |
| Personal name | Brase, Corrinne Pellillo |
| 942 ## - ADDED ENTRY ELEMENTS (KOHA) | |
| Koha item type | Books |
| Withdrawn status | Lost status | Collection code | Home library | Current library | Shelving location | Date acquired | Full call number | Koha item type |
|---|---|---|---|---|---|---|---|---|
| Reference | Methodist University Library Main | Methodist University Library Main | General Stacks | 21/02/2013 | QA276 .B6846 | Books |